| 000 | 01286nam a22003257a 4500 | ||
|---|---|---|---|
| 001 | 721 | ||
| 005 | 20250828154825.0 | ||
| 020 | _a0060280387 | ||
| 020 | _a0060280395 (lib. bdg.) | ||
| 020 | _a0064451909 (pbk.) | ||
| 020 | _a9780439826051 | ||
| 040 |
_aDLC _cDLC _dDLC _beng |
||
| 050 | 0 | 0 |
_aSB347 _b.P44 2004 |
| 082 | 0 | 0 |
_a583/.63 _221 |
| 100 | 1 |
_aPfeffer, Wendy, _d1929- |
|
| 245 | 1 | 0 |
_aFrom seed to pumpkin / _cby Wendy Pfeffer ; illustrated by James Graham Hale. |
| 250 | _aFirst Scholastic printing, October 2005. | ||
| 260 |
_aNew York : _bScholastic, _c2004 |
||
| 300 |
_a33 pages : _bcolor illustrations ; _c21 x 26 cm. |
||
| 490 | _3Let's read and find out science | ||
| 505 | _aN | ||
| 520 | _aLearn how pumpkins grow from tiny seeds to big pumpkins. Pumpkins can be baked in a pie. Pumpkins can be carved into jack-o'-lanterns. Pumpkin seeds can be roasted for a healthy snack. But how does a tiny seed turn into a big pumpkin? Read and find out what a pumpkin seed needs to help it grow! | ||
| 521 |
_a550
_bLexile |
||
| 521 |
_aN
_bRaz-Plus |
||
| 650 | 0 |
_aPumpkin _xLife cycles _vJuvenile literature. |
|
| 650 | 1 | _aPumpkin. | |
| 700 | 1 |
_aHale, James Graham, _eillustrator. |
|
| 906 |
_a7 _bcbc _corignew _d1 _eocip _f20 _gy-gencatlg |
||
| 942 |
_2ddc _cBK _n0 |
||
| 999 |
_c721 _d721 |
||